Key point exam review for modern real estate practice [

Bibliographic Details
Format: Book
Published: Chicago, ILbDearbon Real Estate Education , 2003
Subjects:

MARC

LEADER 00000cam a2200000 7i4500
001 0000017948
005 20061213.0
020 |a 0793160774 
040 |a INS 
090 0 0 |a KF2042 2003 
245 0 0 |a Key point exam review for modern real estate practice [  |h electronic resource] 
260 |a Chicago, ILbDearbon Real Estate Education ,   |c 2003 
300 |a 1 Electronic computer optical disc (Audio CD) :   |b sd., col. ;   |c 12 cm. 
650 0 0 |a Real estate business 
999 |a VCD0000040   |b CD-ROM   |c Media Collection   |e Default branch